Statistics for 周杰倫 Jay Chou World Tours

Click here to take the quiz!

General Stats

  • This quiz has been taken 18 times
  • The average score is 35 of 65

Answers on the Map

Answers color-coded by a green-red scale on the quiz's map according to % correct below.
 

Answer Stats

YearCity% Correct
2001, 2002, 2004, 2007, 2010, 2013, 2014, 2017, 2018, 2021Hong Kong
100%
2004, 2007, 2011Los Angeles
100%
2003, 2005, 2007, 2010, 2013, 2014, 2016, 2018, 2019Shanghai
100%
2017, 2019London
94%
2007New Taipei
94%
2002, 2004, 2010, 2013, 2017Taipei
94%
2006, 2008Tokyo
94%
2003, 2005, 2008, 2010, 2013, 2014, 2016, 2017Beijing
88%
2019Paris
88%
2008, 2014, 2018, 2021Sydney
88%
2003Bangkok
81%
2004, 2008New York (Uncasville)
81%
2010, 2014, 2016, 2018Qingdao
81%
2002, 2003, 2004, 2008, 2010, 2013, 2014, 2016, 2018, 2020Singapore
81%
2008, 2018Macau
75%
2008, 2011, 2014, 2016, 2018, 2019Changsha
69%
2008, 2010, 2013, 2015, 2017, 2019Nanjing
69%
2004, 2005, 2008, 2011, 2013, 2015, 2017, 2019Shenzhen
69%
2008, 2010, 2013, 2015, 2017Tianjin
69%
2004, 2008, 2010, 2013, 2015Wuhan
69%
2008, 2010, 2013, 2015, 2017Chongqing
63%
2011, 2014, 2016, 2018Dalian
63%
2003, 2005, 2008, 2011, 2013, 2014, 2016Guangzhou
63%
2004, 2008, 2010, 2013, 2015, 2017, 2019Hangzhou
63%
2002, 2003, 2005, 2008, 2011, 2013, 2016, 2018, 2021Kuala Lumpur
63%
2008, 2013, 2017Nanning
63%
2008, 2015, 2017, 2019Xiamen
63%
2008, 2010, 2013, 2015, 2018Chengdu
56%
2005Harbin
56%
2013Jakarta
56%
2008, 2015, 2017Kunming
56%
2008, 2011, 2015, 2017Shenyang
56%
2003, 2010Vancouver
56%
2010, 2014, 2016Hefei
50%
2002, 2019Las Vegas
50%
2008, 2010, 2013, 2015, 2017Xi'an
50%
2008, 2015, 2017Foshan
44%
2010, 2013, 2016, 2018Fuzhou
44%
2011, 2015, 2017, 2019Jinan
44%
2011Kaohsiung
44%
2005, 2011, 2015, 2017Suzhou
44%
2014, 2016, 2018Taiyuan
44%
2008Toronto
44%
2010, 2014, 2016, 2018Zhengzhou
44%
2018Zhuhai
44%
2010, 2014, 2016, 2018Changzhou
38%
2010Ningbo
38%
2008, 2018Quanzhou
38%
2001Taoyuan
38%
2008Wenzhou
38%
2008, 2014, 2018Guiyang
31%
2016Huizhou
31%
2008, 2011, 2015, 2018Luoyang
31%
2015, 2017Nanchang
25%
2011, 2016Nantong
25%
2018Shaoxing
25%
2017Taizhou
25%
2015, 2018Xuzhou
25%
2016Jiaxing
19%
2018Jinhua
19%
2015Lishui
19%
2010San Jose
19%
2008Yangzhou
19%
2008Kunshan
13%
2011Jiangyin
6%

Score Distribution

Percentile by Number Answered

Percent of People with Each Score

Your Score History

You have not taken this quiz